De diferentiis inter Iudicia civilia et criminalia tractatus Hieronymi Buccaronij I. C. Maceratensis Opus certe perutile a nemine traditum sive explicatum (Registro nro. 79112)

Detalles MARC
000 -ENCABEZADO
Número de control [NR] 01853nam a2200301Ia 4500
008 - DE LONGITUD FIJA DE DATOS DE ELEMENTOS - INFORMACIÓN GENERAL
Elementos de longitud fija [NR] 130821s1624 it a gr spa
040 ## - FUENTE DE CATALOGACION [NR]
Agencia de catalogación original [NR] Co-BoUCM
Idioma de catalogación [NR] spa
041 0# - CODIGO DE IDIOMA [R]
Código de idioma para texto/pista de sonido o título separado [R] Latín
092 ## - SIGNATURA TOPOGRAFICA LOCAL
Número de clasificación local E17N028
100 1# - ASIENTO PRINCIPAL--NOMBRE PERSONAL [NR]
Nombre personal [NR] Carerio, Lodovico
Fechas asociadas con el nombre [NR] d. 1560
242 ## - TRADUCCION DEL TITULO POR LA AGENCIA CATALOGADORA [R]
Título [NR] Tratado sobre las diferencias entre los juicios civiles y los juicios criminales [penales]
Parte restante del título [NR] Obra de gran utilidad, sobre una materia que no se había enseñado ni explicado anteriormente
Código de idioma del título traducido [NR] spa
245 10 - MENCION DE TITULO [NR]
Título [NR] De diferentiis inter Iudicia civilia et criminalia tractatus Hieronymi Buccaronij I. C. Maceratensis Opus certe perutile a nemine traditum sive explicatum
246 13 - FORMA VARIANTE DEL TITULO [R]
Título propiamente dicho/forma breve del título [NR] [Tratado sobre las diferencias entre los juicios civiles y los juicios criminales [penales]
Parte restante del título [NR] Obra de gran utilidad, sobre una materia que no se había enseñado ni explicado anteriormente]
260 ## - PUBLICACION, DISTRIBUCION, ETC. (PIE DE IMPRENTA) [R]
Lugar de publicación, distribución, etc. [R] Roma (Italia)
Nombre del editor, distribuidor, etc. [R] Apud Haeredem Bartholomaei [Herederos de Bartolomé Zannetti]
Fecha de publicación, distribución, etc. [R] 1624
300 ## - DESCRIPCION FISICA [R]
Extensión [R] [18], 10 páginas [1] h. en bl. , [66] páginas
Otros detalles físicos [NR] ilustraciones
500 ## - NOTA GENERAL [R]
Nota general [NR] Detalles físicos: Encuadernación en pergamino, desencuadernado, guardas desprendidas de la pasta, portada, impresa en dos colores, con escudo pontificio del Papa Urbano VIII, a quien se dedica la obra. Dedicatoria, también al Cardenal Francisco
500 ## - NOTA GENERAL [R]
Nota general [NR] Otros detalles: Colofón con fecha de 1623
504 ## - NOTA DE BIBLIOGRAFIA, ETC. [R]
Nota de bibliografía, etc. [NR]
506 ## - NOTA DE RESTRICCIONES DE ACCESO [R]
Condiciones de acceso [NR] Consulta en sala.
520 ## - NOTA DE RESUMEN, ETC. [R]
Nota de sumario, etc. [NR] El autor resume, en 210 temas, las diferencias que se dan entre los juicios civiles y los juicios criminales (penales).
650 ## - ASIENTO SECUNDARIO DE MATERIA - TERMINO TEMATICO [R]
Término temático o nombre geográfico como elemento de entrada [NR] Derecho civil
9 (RLIN) 12711
650 ## - ASIENTO SECUNDARIO DE MATERIA - TERMINO TEMATICO [R]
Término temático o nombre geográfico como elemento de entrada [NR] Derecho civil
Subdivisión general [R] Obras anteriores a 1600
9 (RLIN) 12711
650 ## - ASIENTO SECUNDARIO DE MATERIA - TERMINO TEMATICO [R]
Término temático o nombre geográfico como elemento de entrada [NR] Derecho penal
9 (RLIN) 12805
650 ## - ASIENTO SECUNDARIO DE MATERIA - TERMINO TEMATICO [R]
Término temático o nombre geográfico como elemento de entrada [NR] Derecho penal
Subdivisión general [R] Obras anteriores a 1600
9 (RLIN) 12805
700 1# - ASIENTO SECUNDARIO - NOMBRE PERSONAL [R]
Nombre personal [NR] Zannetti, Bartolomé
Títulos u otras palabras asociadas con el nombre [R] herederos
Término de relación [R]
942 ## - ELEMENTOS DE ENTRADA AGREGADOS (KOHA)
Tipo de ítem principal el descrito en 300a Libro
Tema principal Derecho
Edición 1
Sistema de clasificación DEWEY
Clasificación 340.2
Existencias
Total préstamos Código de barras Última vez visto Volúmen / Fascículo Ejemplar Price effective from Tipo de ítem Perdido Sistema de clasificación Dañado No prestable Tipo de ítem específico Suprimido Ubicación habitual Ubicación actual Localización Fecha de creación Forma de adquisición Costo
  L002617 15/12/2012 E17N028 Ej.1 03/02/2013 Libro   DEWEY     Libro archivo     Archivo Histórico Archivo histórico 28/02/2013 Donación 0.00